000 00381 a2200169 4500
001 72030
020 _a
040 _cAnchieta - Colégio São Paulo
100 _aBandeira, Pedro
240 1 0 _aCavalgando o arco-íris
_lpor
245 1 0 _aCavalgando o arco-íris
300 _a63
362 0 _a1984
440 1 _aModerna
650 4 _aLiteratura infanto-juvenil
942 _cBK
999 _c72030
_d72030